00342nam a2200121Ia 4500008004100000040001500041041001200056082001800068100001900086245006900105260002900174300001700203230917s9999||||xx |||||||||||||| ||und|| e8396aMAIN aEnglish a327.101 P455B aPettman, Ralph 0aBiopolitics and international values: Investigating libral norms aNew YorkbPergamonc1981 aviii, 182 p.